000 00888nam a2200289 a 4500
008
020 _a9781455728985 (paperback)
040 _aNUST
_cNUST
049 _aMAIN
090 _aR727.3
_bPUR
100 1 _aPurtilo, Ruth.
245 1 0 _aHealth Professional and Patient Interaction /
_cPurtilo Ruth, Haddad Amy and Doherty Regina
260 _aSt. Louis Missouri :
_bElsevier,
_c2014
300 _aEighth Edition.
300 _ax, 349 pages :
_billustrations ;
_c24 cm
336 _atext
_bn
_2rdacontent
337 _aunmediated
_bn
_2rdamedia
338 _avolume
_bnc
_2rdacarrier
500 _aIncludes index.
650 1 _aPatient Interaction.
700 _aDoherty, Regina.
700 _aHaddad, Amy.
907 _a.b10409130
_b01-03-22
_c07-09-21
003
005 20230120204341.0
942 _cBOOKS
_kR727.3
_mPUR
999 _c121686
_d121686